00880 2200289 4500001002100000005001700021008004100038035002400079090003000103100004000133245013600173250001100309260002800320300003100348500002700379500001100406650003100417700002200448700002500470700002600495850001500521980001300536985000600549986000900555999001300564999001300577YOGYA-0209000000002020090227020320.0 ind  0010-020900000000020 a391.095 982 272bSud BlR aSUDIBYO, Mooryati Bendoro Raden Ayu aBusana keraton Surakarta HadiningratcB.R.A. Mooryati Soedibyo; editor Singgih Wibisono, M. Sulebar Soekarman, Wiyono Undung Wasito aCet. 1 aJakartabGrasindoc2003 axxvi, 140 hlmbilusc29 cm aBibliografi : hlm. 133 aIndeks aPakaian Daerah - Surakarta aWibisono, Singgih aSuharman, M. Sulebah aWasito, Wiyono Undung aYOPDYOG(B) a10-01-05 a2 asofi a04P02553 a04P02554